000 00566nam a2200205Ia 4500
005 20250508163654.0
008 008 250505s9999 xx 000 0 eng d
020 _a81-7251-020-9
037 _aTextual
040 _aFEDL
_beng
_cFEDL
041 _aeng
_2eng
084 _a370.1, PAN
_qFEDL
100 _aPandey Ram Shakal
245 0 _aEast-West thoughts on education
260 _aAllahabad, India
_bHorizon Publishers
_c1997
300 _a340p.
650 _aEducation-Philosophy
942 _cTEXL
_h370.1, PAN
999 _c1384625
_d1384625